Human bones containing the letter A - Statistics

General Stats
  • This quiz has been taken 19 times
  • The average score is 22 of 36
Answer Stats
Hint Answer % Correct
T Tibia
94%
C Clavicle
82%
F Fibula
82%
R Radius
82%
U Ulna
82%
M Metacarpal
76%
M Metatarsal
76%
P Patella
76%
S Scapula
76%
F Frontal
71%
M Mandible
71%
M Maxilla
71%
P Parietal
71%
P Phalanges
71%
O Occipital
65%
S Sacrum
65%
Z Zygomatic
65%
C Calcaneus
59%
L Lumbar
59%
T Trapezoid
59%
C Cervical
53%
H Hamate
53%
L Lunate
53%
M Malleus
53%
N Nasal
53%
N Navicular
53%
T Trapezium
53%
C Capitate
47%
S Scaphoid
47%
S Stapes
47%
T Talus
47%
T Temporal
47%
T Thoracic
47%
L Lacrimal
41%
P Palatine
35%
I Inferior nasal conchae
29%
No matching quizzes found
Score Distribution
Percent of People with Each Score
Percentile by Number Answered
Your Score History
You have not taken this quiz